00686nam a2200169 a 4500003000200000005001700002008004100019050002600060100002500086245012100111260009000232300004800322504004100370650003500411650003600446650003400482020250430102159.0080527s19uu xx 00 eng d aPHS BF 697b.C33 2005 aCabanas, Mari-Ann C. aVanity and its effect among male adolescents in Southville International School and Colleges /cMari-Ann C. Cabanas. aLas Piñas City, Philippines :bSouthville International School and Colleges,c2005. aunnumbered pages :billustrations ;c28 cm. aIncludes bibliographical references. aVanityxPsychological aspects. aSelf-perception in adolescence. aMale adolescentsxPsychology.